[Event "XXXI Memorial Edoardo Crespi A"]
[Site "Milano ITA"]
[Date "2010.12.10"]
[Round "8"]
[White "Tonndorf, Matthias"]
[Black "Bellia, Fabrizio"]
[WhiteElo "2169"]
[BlackElo "2399"]
[Result "0-1"]
[PlyCount "109"]
[EventDate "2010.12.04"]

1. e4 e5 2. Nf3 Nc6 3. Bb5 a6 4. Bxc6 dxc6 5. O-O f6 6. d4 exd4 7. Qxd4 Qxd4 8.
Nxd4 Bd7 9. Be3 O-O-O 10. Nc3 Bb4 11. Nce2 Re8 12. Ng3 h5 13. h4 Nh6 14. f3 Nf7
15. Kf2 Ne5 16. Rad1 g6 17. c3 Bd6 18. b3 c5 19. Nde2 c4 20. Nc1 Rhf8 21. Nge2
f5 22. exf5 Rxf5 23. Bg5 Ng4+ 24. Kg1 Ne3 25. Bxe3 Rxe3 26. b4 Rf8 27. Rd4 Rfe8
28. Kf2 Bf8 29. Rfd1 Bd6 30. R1d2 b5 31. Rxd6 cxd6 32. Rxd6 R3e6 33. Rxe6 Rxe6
34. Nd4 Re5 35. Nce2 g5 36. hxg5 Rxg5 37. Ng3 h4 38. Ne4 Rg6 39. f4 h3 40. gxh3
Bxh3 41. f5 Rg2+ 42. Kf3 Rxa2 43. f6 Kd8 44. f7 Ke7 45. Nc6+ Kf8 46. Ng5 Bf5
47. Kf4 Rf2+ 48. Ke3 Rf1 49. Ne5 Kg7 50. Kd4 Rg1 51. Ngf3 Rg3 52. Kc5 Be6 53.
Nd4 Bc8 54. Kd6 Kf8 55. Kc7 0-1

[Event "XXXI Memorial Edoardo Crespi A"]
[Site "Milano ITA"]
[Date "2010.12.10"]
[Round "8"]
[White "Tramalloni, Luca"]
[Black "Cazzaniga, Walter"]
[WhiteElo "2144"]
[BlackElo "2116"]
[Result "1-0"]
[PlyCount "93"]
[EventDate "2010.12.04"]

1. d4 Nf6 2. c4 g6 3. Nc3 Bg7 4. e4 d6 5. Be2 O-O 6. Bg5 c6 7. h4 h6 8. Be3 Qa5
9. Qd2 h5 10. f3 a6 11. Rb1 b5 12. b4 Qc7 13. a4 bxc4 14. Bxc4 Nbd7 15. Ba2 Bb7
16. Nge2 e5 17. d5 cxd5 18. exd5 e4 19. Nxe4 Nxe4 20. fxe4 Rae8 21. Rc1 Qd8 22.
Bb1 Ne5 23. Nd4 Qd7 24. b5 Ng4 25. Nc6 Kh7 26. Bg5 f6 27. Bf4 f5 28. O-O fxe4
29. Bg5 Rxf1+ 30. Rxf1 axb5 31. axb5 Bxc6 32. bxc6 Qa7+ 33. Kh1 Qa6 34. Qd1 Qb6
35. Qe2 Bd4 36. Bxe4 Re5 37. Qf3 Qa7 38. Bd3 Nf2+ 39. Kh2 Ng4+ 40. Kg3 Re8 41.
Qf7+ Qxf7 42. Rxf7+ Kg8 43. Rd7 Rf8 44. Bf4 Be5 45. Bxe5 Nxe5 46. Rxd6 Nxd3 47.
c7 1-0

[Event "XXXI Memorial Edoardo Crespi A"]
[Site "Milano ITA"]
[Date "2010.12.10"]
[Round "8"]
[White "Tratar, Marko"]
[Black "Solodovnichenko, Yuri"]
[WhiteElo "2492"]
[BlackElo "2563"]
[Result "1/2-1/2"]
[PlyCount "30"]
[EventDate "2010.12.04"]

1. Nf3 d5 2. d4 Nf6 3. c4 dxc4 4. e3 e6 5. Bxc4 c5 6. O-O a6 7. dxc5 Qxd1 8.
Rxd1 Bxc5 9. Be2 O-O 10. b3 Nbd7 11. Bb2 b6 12. Nbd2 Bb7 13. Nc4 Bd5 14. Nce5
Nxe5 15. Nxe5 Rfc8 1/2-1/2

[Event "XXXI Memorial Edoardo Crespi A"]
[Site "Milano ITA"]
[Date "2010.12.11"]
[Round "9"]
[White "Almonti, Alessandro"]
[Black "Nicolo', Filippo"]
[WhiteElo "2033"]
[BlackElo "2060"]
[Result "0-1"]
[PlyCount "76"]
[EventDate "2010.12.04"]

1. c4 f5 2. g3 Nf6 3. Bg2 g6 4. Nc3 Bg7 5. d3 d6 6. e3 O-O 7. Nge2 e5 8. Rb1 g5
9. f4 h6 10. O-O a5 11. Bd2 Na6 12. Nd5 c6 13. Nxf6+ Bxf6 14. a3 Nc5 15. Bc3 a4
16. Bb4 exf4 17. d4 Ne4 18. gxf4 Re8 19. Qd3 Qe7 20. Rfe1 Bd7 21. Nc3 Kh8 22.
Qd1 Nxc3 23. Bxc3 Qg7 24. Qd2 Rg8 25. Kh1 Rae8 26. Rg1 g4 27. Rbe1 h5 28. e4
fxe4 29. Rxe4 Bf5 30. Rxe8 Rxe8 31. Re1 Qf7 32. d5 Rxe1+ 33. Qxe1 Bd7 34. Bd2
c5 35. Bc1 Kg7 36. Be4 Qe7 37. Qe3 Bd4 38. Qd3 Bf5 0-1

[Event "XXXI Memorial Edoardo Crespi A"]
[Site "Milano ITA"]
[Date "2010.12.11"]
[Round "9"]
[White "Bonanno, Alessandro"]
[Black "Loehnhardt, Benjamin"]
[WhiteElo "2143"]
[BlackElo "2042"]
[Result "1-0"]
[PlyCount "185"]
[EventDate "2010.12.04"]

1. e4 c5 2. Nf3 d6 3. d4 cxd4 4. Nxd4 Nf6 5. Nc3 a6 6. Qf3 Qb6 7. Nb3 g6 8. h3
Nc6 9. Be3 Qc7 10. g4 Be6 11. g5 Nd7 12. Nd4 Bg7 13. O-O-O Qa5 14. Nxe6 fxe6
15. Bc4 Bxc3 16. bxc3 Qxc3 17. Bxe6 Qe5 18. Qf7+ Kd8 19. Bxd7 Kxd7 20. Rxd6+
Qxd6 21. Rd1 Qxd1+ 22. Kxd1 Raf8 23. Qd5+ Kc8 24. Ke2 e5 25. Bc5 Rd8 26. Qe6+
Rd7 27. c3 Kc7 28. Qb3 b5 29. a4 Rb8 30. axb5 Rxb5 31. Bb4 Nxb4 32. cxb4 Rb6
33. Qc3+ Kb7 34. Qxe5 Rxb4 35. f4 Rb5 36. Qe6 Rc7 37. f5 gxf5 38. exf5 Rcc5 39.
Qf7+ Kb6 40. Qxh7 Re5+ 41. Kd3 Rxf5 42. h4 Rf3+ 43. Ke4 Rh3 44. h5 Rh4+ 45. Kf3
Rb3+ 46. Kg2 Rg4+ 47. Kf2 Rc4 48. Qg6+ Rc6 49. Qe4 Rcc3 50. Qe6+ Ka5 51. Qxb3
Rxb3 52. g6 Rb5 53. g7 Rxh5 54. g8=Q Rb5 55. Ke3 Kb6 56. Qe6+ Kb7 57. Qd7+ Kb6
58. Qd8+ Kb7 59. Kd4 Kc6 60. Qa8+ Kb6 61. Qb8+ Kc6 62. Qa7 Ra5 63. Kc4 Ra4+ 64.
Kb3 Ra1 65. Qd4 Rb1+ 66. Ka4 Rb5 67. Qa7 Rc5 68. Qxa6+ Kd5 69. Kb4 Rc7 70. Qd3+
Ke6 71. Kb5 Rd7 72. Qe4+ Kd6 73. Qc6+ Ke7 74. Kc5 Ra7 75. Kd5 Ra5+ 76. Ke4 Rg5
77. Qh6 Rb5 78. Qg7+ Kd6 79. Kd4 Rb4+ 80. Kc3 Re4 81. Kd3 Re5 82. Qb7 Rf5 83.
Qb8+ Kd5 84. Qb5+ Ke6 85. Qc6+ Ke5 86. Ke3 Rg5 87. Qc5+ Kf6 88. Qd6+ Kf7 89.
Kf4 Rg6 90. Qd7+ Kf6 91. Qd8+ Ke6 92. Qe8+ Kf6 93. Qf8+ 1-0

[Event "XXXI Memorial Edoardo Crespi A"]
[Site "Milano ITA"]
[Date "2010.12.11"]
[Round "9"]
[White "Brunello, Roberta"]
[Black "Formento, Paolo"]
[WhiteElo "2063"]
[BlackElo "1976"]
[Result "1/2-1/2"]
[PlyCount "92"]
[EventDate "2010.12.04"]

1. e4 e6 2. d4 d5 3. e5 c5 4. c3 Nc6 5. Nf3 Qb6 6. a3 Nh6 7. b4 cxd4 8. cxd4
Nf5 9. Bb2 Bd7 10. Be2 Be7 11. O-O h5 12. Qd3 g5 13. Rd1 g4 14. Ne1 Rg8 15. Nc2
Bg5 16. Nd2 a6 17. Bf1 Nce7 18. Nb3 Ng6 19. Bc1 Bxc1 20. Raxc1 g3 21. hxg3 Nxe5
22. dxe5 Rxg3 23. Ne3 Nxe3 24. fxe3 Rxe3 25. Qd4 Qxd4 26. Nxd4 Rxe5 27. Kf2 Rc8
28. Rxc8+ Bxc8 29. Bd3 Rg5 30. Rc1 Kd8 31. b5 axb5 32. Nxb5 Bd7 33. Nd6 Ke7 34.
Nxb7 d4 35. Nc5 Bc6 36. g3 Kd6 37. Nb3 e5 38. Nd2 Bd5 39. Bc4 f5 40. a4 e4 41.
Nb3 e3+ 42. Ke2 Rxg3 43. Nxd4 Bxc4+ 44. Rxc4 Kd5 45. Rb4 Kc5 46. Nxf5 Kxb4
1/2-1/2

[Event "XXXI Memorial Edoardo Crespi A"]
[Site "Milano ITA"]
[Date "2010.12.11"]
[Round "9"]
[White "Cani, Gazmir"]
[Black "Gagliardi, Christian"]
[WhiteElo "2113"]
[BlackElo "2188"]
[Result "0-1"]
[PlyCount "108"]
[EventDate "2010.12.04"]

1. d4 g6 2. c4 Bg7 3. e4 d6 4. Nf3 c6 5. Nc3 Nd7 6. Be2 Qc7 7. O-O e5 8. h3
Ngf6 9. Be3 O-O 10. Rc1 Re8 11. dxe5 dxe5 12. Nd2 Bf8 13. Nb3 a5 14. Qc2 a4 15.
Nd2 Qa5 16. Bd1 a3 17. Nb3 Qb4 18. bxa3 Qxc4 19. Be2 Qe6 20. a4 Bb4 21. a5 Bxa5
22. Nxa5 Rxa5 23. Na4 b5 24. Nb2 Rxa2 25. Ra1 Bb7 26. Rxa2 Qxa2 27. Rd1 Qe6 28.
g4 Nf8 29. g5 N6d7 30. Bg4 Qe7 31. Qd2 Nc5 32. Qc2 Nce6 33. Ra1 Ra8 34. Rxa8
Bxa8 35. h4 Nd4 36. Qc3 Nfe6 37. f4 Qd6 38. f5 gxf5 39. exf5 Nf4 40. Qa5 Qb8
41. h5 c5 42. h6 Nb3 43. Qa6 Qb7 44. Qxb7 Bxb7 45. g6 Nd5 46. gxf7+ Kxf7 47.
Bg5 Nf6 48. Bd1 c4 49. Bxb3 cxb3 50. Nd3 Nd7 51. Bc1 Be4 52. Nb4 Bxf5 53. Kf2
Nc5 54. Bb2 Ke6 0-1

[Event "XXXI Memorial Edoardo Crespi A"]
[Site "Milano ITA"]
[Date "2010.12.11"]
[Round "9"]
[White "Cazzaniga, Walter"]
[Black "Mazzariol, Oscar"]
[WhiteElo "2116"]
[BlackElo "2089"]
[Result "0-1"]
[PlyCount "82"]
[EventDate "2010.12.04"]

1. d4 Nf6 2. c4 Nc6 3. Nf3 e6 4. a3 d6 5. Nc3 g6 6. g3 Bg7 7. Bg2 O-O 8. O-O
Re8 9. e4 e5 10. d5 Nd4 11. h3 a5 12. Be3 Nxf3+ 13. Qxf3 a4 14. c5 Bd7 15. Rac1
dxc5 16. Bxc5 Bf8 17. Bxf8 Rxf8 18. Rfd1 Ne8 19. Qe3 Nd6 20. Bf1 Qe7 21. Na2
Rac8 22. Qc5 Qg5 23. Re1 Qh5 24. g4 Qh4 25. Rc3 h5 26. Rg3 hxg4 27. hxg4 Bxg4
28. Qc3 f6 29. Bg2 Rf7 30. Nb4 Rh7 31. Nd3 Rf8 32. Kf1 g5 33. Ree3 Qh5 34. Bf3
Bxf3 35. Rgxf3 Nxe4 36. Qb4 Nd6 37. Nc5 Qh1+ 38. Ke2 Rh4 39. Ne4 f5 40. Qc5
Rxe4 41. Rh3 Rxe3+ 0-1

[Event "XXXI Memorial Edoardo Crespi A"]
[Site "Milano ITA"]
[Date "2010.12.11"]
[Round "9"]
[White "Codenotti, Marco"]
[Black "Iudicello, Giovanni"]
[WhiteElo "2228"]
[BlackElo "2158"]
[Result "0-1"]
[PlyCount "114"]
[EventDate "2010.12.04"]

1. e4 e5 2. Nf3 Nc6 3. Bb5 a6 4. Ba4 Nf6 5. O-O Be7 6. Qe2 b5 7. Bb3 d6 8. c3
Na5 9. Bc2 c5 10. Rd1 Qc7 11. d4 O-O 12. d5 c4 13. b4 cxb3 14. axb3 Bd7 15. Bd2
Rfb8 16. Be1 Bd8 17. Nbd2 Nb7 18. Rdc1 a5 19. h3 Nc5 20. Nf1 a4 21. b4 Nb3 22.
Bxb3 axb3 23. Rxa8 Rxa8 24. N3d2 Ra2 25. f3 Rc2 26. Qd1 Qxc3 27. Nxb3 Bb6+ 28.
Kh1 Rxc1 29. Nxc1 Qc4 30. Bd2 Nh5 31. Qe2 Qxe2 32. Nxe2 f5 33. g4 fxg4 34. hxg4
Nf6 35. Be3 Bc7 36. Nfg3 g6 37. g5 Ne8 38. Nc3 Kf7 39. Kg2 Ke7 40. Kf2 Bb8 41.
Bb6 Nc7 42. Ke3 Na6 43. Na2 Bc7 44. Bxc7 Nxc7 45. f4 exf4+ 46. Kxf4 Kf7 47. Ke3
Kg7 48. Kd4 h6 49. e5 dxe5+ 50. Kxe5 Ne8 51. gxh6+ Kxh6 52. Ne4 g5 53. Nac3 g4
54. Nc5 Bc8 55. Nxb5 g3 56. Nd4 Bg4 57. d6 Nxd6 0-1

[Event "XXXI Memorial Edoardo Crespi A"]
[Site "Milano ITA"]
[Date "2010.12.11"]
[Round "9"]
[White "Damia, Angelo"]
[Black "Manca, Federico"]
[WhiteElo "2302"]
[BlackElo "2405"]
[Result "1/2-1/2"]
[PlyCount "31"]
[EventDate "2010.12.04"]

1. e4 e5 2. Nf3 Nc6 3. Bb5 a6 4. Bxc6 dxc6 5. O-O f6 6. d4 Bg4 7. dxe5 Qxd1 8.
Rxd1 fxe5 9. Be3 Nf6 10. Nbd2 Bd6 11. Re1 O-O 12. Nh4 Be6 13. f3 g6 14. g3 Kg7
15. Nb3 b6 16. Rad1 1/2-1/2

[Event "XXXI Memorial Edoardo Crespi A"]
[Site "Milano ITA"]
[Date "2010.12.11"]
[Round "9"]
[White "Garano, Nicola"]
[Black "Salami, Marco"]
[WhiteElo "2171"]
[BlackElo "2203"]
[Result "1-0"]
[PlyCount "149"]
[EventDate "2010.12.04"]

1. e4 e6 2. d4 d5 3. Nc3 Nf6 4. Bg5 Be7 5. e5 Nfd7 6. Bxe7 Qxe7 7. Qh5 a6 8.
Nf3 c5 9. O-O-O Nc6 10. dxc5 Nxc5 11. Bd3 h6 12. h4 b5 13. Ne2 Nxd3+ 14. Rxd3
Nb4 15. Ra3 Bb7 16. Nfd4 g6 17. Qg4 h5 18. Qg3 Rc8 19. Kb1 Rc4 20. Rc3 Qc7 21.
Rh3 Nc6 22. Qf4 Qxe5 23. Qxe5 Nxe5 24. f4 Ng4 25. b3 Rxc3 26. Rxc3 Kd7 27. b4
Rc8 28. Rxc8 Bxc8 29. Nb3 Kd6 30. Kc1 Ne3 31. g3 Nc4 32. Kd1 f6 33. Nc5 e5 34.
c3 a5 35. fxe5+ fxe5 36. Nc1 Bg4+ 37. Ke1 Ne3 38. Nb7+ Kc7 39. Nxa5 Nf5 40. Nd3
Nxg3 41. Nxe5 Bf5 42. Kd2 Kd6 43. Nf7+ Ke7 44. Ng5 Bd7 45. Nb7 Kf6 46. Nf3 Nf5
47. Nc5 Bc8 48. Nb3 Nxh4 49. Nxh4 Kg5 50. Nf3+ Kf4 51. Nbd4 Bd7 52. Ke2 g5 53.
Kf2 h4 54. Ne2+ Kf5 55. Ned4+ Kf4 56. Ne2+ Kf5 57. Ke3 h3 58. Nh2 Ke5 59. Ng3
g4 60. Ne2 Bc8 61. Nf1 Bf5 62. Nfg3 Bd7 63. Nc1 Bf5 64. a3 Be4 65. Nf1 Kf5 66.
Ne2 Bg2 67. Nfg3+ Ke5 68. Kf2 Be4 69. Nd4 Bd3 70. Ke3 Bc4 71. Nc6+ Kf6 72. Kf4
h2 73. Kxg4 d4 74. Nxd4 Bd5 75. Nf3 1-0

[Event "XXXI Memorial Edoardo Crespi A"]
[Site "Milano ITA"]
[Date "2010.12.11"]
[Round "9"]
[White "Lapiccirella, Mattia"]
[Black "D'Alessio, Angelo"]
[WhiteElo "2212"]
[BlackElo "2030"]
[Result "1-0"]
[PlyCount "133"]
[EventDate "2010.12.04"]

1. d4 Nf6 2. c4 e6 3. Nf3 b6 4. g3 Ba6 5. Qa4 Bb7 6. Bg2 c5 7. dxc5 Bxc5 8. Nc3
O-O 9. O-O Na6 10. Rd1 Be7 11. Be3 Nc5 12. Bxc5 Bxc5 13. Ne5 Bxg2 14. Kxg2 d5
15. cxd5 exd5 16. Nc6 Qd7 17. Nd4 Qb7 18. Qc6 Qxc6 19. Nxc6 Rfc8 20. Nd4 Bb4
21. Na4 g6 22. Rac1 Bf8 23. f3 h5 24. Rc3 Rxc3 25. Nxc3 Bb4 26. Rd3 Rc8 27. Kf2
Kf8 28. Nc2 Bxc3 29. Rxc3 Rxc3 30. bxc3 Ke8 31. Ke3 Kd7 32. Kd4 Kd6 33. Ne3 Ke6
34. h3 g5 35. g4 hxg4 36. hxg4 Kd6 37. Nf5+ Ke6 38. Ne3 Kd6 39. Nf5+ Ke6 40. e3
Ne8 41. f4 f6 42. Ng3 Nc7 43. a4 gxf4 44. exf4 a5 45. f5+ Kd6 46. c4 dxc4 47.
Ne4+ Ke7 48. Kxc4 Kf7 49. Nd6+ Kg7 50. Ne4 Kf7 51. Nd6+ Kg7 52. Nb5 Na6 53. Nd4
Nc5 54. Ne6+ Kh6 55. Nxc5 bxc5 56. Kxc5 Kg5 57. Kb5 Kxg4 58. Kxa5 Kxf5 59. Kb6
Kg4 60. a5 f5 61. a6 f4 62. a7 Kg3 63. a8=Q f3 64. Qg8+ Kf2 65. Kc5 Kf1 66.
Qc4+ Ke1 67. Qe4+ 1-0

[Event "XXXI Memorial Edoardo Crespi A"]
[Site "Milano ITA"]
[Date "2010.12.11"]
[Round "9"]
[White "Marinone, Lucio"]
[Black "Barberi, Alessandro"]
[WhiteElo "2011"]
[BlackElo "2077"]
[Result "0-1"]
[PlyCount "77"]
[EventDate "2010.12.04"]

1. d4 g6 2. c4 Bg7 3. Nc3 d6 4. e4 e5 5. d5 Ne7 6. Nge2 Nd7 7. h4 f5 8. h5 f4
9. hxg6 hxg6 10. Rxh8+ Bxh8 11. g3 fxg3 12. Nxg3 Nf6 13. Be2 Bh3 14. Be3 Qd7
15. f3 c5 16. Nb5 a6 17. Qa4 Kf7 18. O-O-O Bg7 19. Qa3 Rh8 20. Nc3 Bh6 21. Bxh6
Rxh6 22. Rh1 Nh5 23. Nxh5 gxh5 24. Nd1 Ng6 25. Nf2 Bg2 26. Qe3 Nf4 27. Rh2 Rf6
28. Bd1 Bf1 29. b3 Kf8 30. Rh1 Bg2 31. Rg1 Qg7 32. Nd3 h4 33. Nf2 Qg3 34. Ng4
Rf7 35. Nxe5 dxe5 36. Qxc5+ Kg7 37. Kd2 h3 38. d6 Ne6 39. Qd5 0-1

[Event "XXXI Memorial Edoardo Crespi A"]
[Site "Milano ITA"]
[Date "2010.12.11"]
[Round "9"]
[White "Melotti, Dario"]
[Black "Agrifoglio, Fabio"]
[WhiteElo "2087"]
[BlackElo "1999"]
[Result "1/2-1/2"]
[PlyCount "68"]
[EventDate "2010.12.04"]

1. c4 e5 2. Nc3 Nc6 3. g3 Bb4 4. Nd5 Bc5 5. d3 d6 6. Bg2 Nce7 7. b4 Bd4 8. Rb1
c6 9. Nxe7 Nxe7 10. Qb3 a5 11. e3 Bb6 12. a3 axb4 13. axb4 Be6 14. Nf3 O-O 15.
O-O h6 16. b5 Bc7 17. Bb2 Qd7 18. bxc6 bxc6 19. Ra1 Rab8 20. Qc2 f6 21. Rfb1 d5
22. c5 e4 23. dxe4 dxe4 24. Nd4 f5 25. Ra7 Bd5 26. Bc3 Rxb1+ 27. Qxb1 Nc8 28.
Rb7 Qd8 29. Qa1 Rf7 30. Qa8 g6 31. h4 h5 32. Bf1 Rd7 33. Nc2 Be6 34. Nd4 Bd5
1/2-1/2

[Event "XXXI Memorial Edoardo Crespi A"]
[Site "Milano ITA"]
[Date "2010.12.11"]
[Round "9"]
[White "Salmoiraghi, Angelo"]
[Black "Ricci, Marco"]
[WhiteElo "2139"]
[BlackElo "2061"]
[Result "1-0"]
[PlyCount "131"]
[EventDate "2010.12.04"]

1. d4 Nf6 2. c4 g6 3. g3 Bg7 4. Bg2 d6 5. Nf3 O-O 6. Nc3 Nbd7 7. O-O c6 8. e4
e5 9. h3 Qa5 10. Re1 Re8 11. d5 cxd5 12. cxd5 b5 13. Bd2 b4 14. Na4 Nb6 15.
Nxb6 Qxb6 16. Qb3 Rb8 17. Be3 Qb7 18. Nd2 Bd7 19. Nc4 Bf8 20. Rec1 Rec8 21. a3
bxa3 22. Qxa3 Bb5 23. Na5 Qd7 24. b4 a6 25. g4 Rxc1+ 26. Rxc1 Rc8 27. Rc3 Ne8
28. Bb6 Bh6 29. Qb2 Bg5 30. f3 Bd8 31. Be3 Rxc3 32. Qxc3 Bxa5 33. bxa5 Qc7 34.
Qxc7 Nxc7 35. Bb6 Ne8 36. Kf2 Kf8 37. Ke3 Ke7 38. g5 Ng7 39. f4 exf4+ 40. Kxf4
Nh5+ 41. Ke3 Ng3 42. Bf3 f5 43. gxf6+ Kxf6 44. Bd8+ Kf7 45. Bg5 Nh5 46. Bg4 Ng7
47. Kd4 h5 48. Bc8 Bf1 49. h4 Bb5 50. Bh3 Be2 51. Bd2 Bb5 52. Bb4 Ne8 53. Bc8
Kf6 54. Bd2 Ng7 55. Bb7 Ke7 56. Bc8 Kf6 57. Bh6 Ne8 58. Bg5+ Kf7 59. Be6+ Kf8
60. e5 dxe5+ 61. Kxe5 Nc7 62. Bh3 Ke8 63. d6 Bd7 64. Bxd7+ Kxd7 65. dxc7 Kxc7
66. Kf6 1-0

[Event "XXXI Memorial Edoardo Crespi A"]
[Site "Milano ITA"]
[Date "2010.12.11"]
[Round "9"]
[White "Salvador, Roland"]
[Black "Drazic, Sinisa"]
[WhiteElo "2527"]
[BlackElo "2524"]
[Result "1-0"]
[PlyCount "91"]
[EventDate "2010.12.04"]

1. d4 d5 2. Nf3 Nf6 3. c4 dxc4 4. e3 Be6 5. Nc3 c6 6. Ng5 Qc8 7. e4 g6 8. Be2
b5 9. Nxe6 Qxe6 10. d5 cxd5 11. Nxb5 Qc6 12. Qa4 Nxe4 13. Bf4 Kd7 14. Qa5 Na6
15. Nd4 Qb7 16. Qa4+ Kd8 17. Nc6+ Kc8 18. Bxc4 dxc4 19. O-O-O Nd6 20. Rd5 Nb8
21. Rc5 Nxc6 22. Rxc6+ Kd8 23. Re1 Rc8 24. Ra6 Bg7 25. Re2 Qd7 26. Qa5+ Rc7 27.
Rxa7 e5 28. Bg5+ f6 29. Be3 Bh6 30. Bxh6 Qc6 31. Bg7 Re8 32. Rd2 Re6 33. Bf8
Kd7 34. Ra6 c3 35. Rxd6+ Rxd6 36. Rxc6 Rdxc6 37. b4 Ke6 38. Bc5 Rd7 39. Qb5
Rcc7 40. Qc4+ Rd5 41. Kc2 h5 42. a4 f5 43. a5 e4 44. a6 Ke5 45. a7 Rd8 46. Bd4+
1-0

[Event "XXXI Memorial Edoardo Crespi A"]
[Site "Milano ITA"]
[Date "2010.12.11"]
[Round "9"]
[White "Saric, Sinisa"]
[Black "Bellia, Fabrizio"]
[WhiteElo "2452"]
[BlackElo "2399"]
[Result "1/2-1/2"]
[PlyCount "45"]
[EventDate "2010.12.04"]

1. d4 Nf6 2. c4 e6 3. Nc3 Bb4 4. Qc2 O-O 5. e4 d5 6. e5 Ne4 7. Bd3 c5 8. Nge2
cxd4 9. Nxd4 Nd7 10. Bf4 Ndc5 11. O-O Nxd3 12. Qxd3 Bxc3 13. bxc3 b6 14. cxd5
exd5 15. Rfe1 Qd7 16. Re3 Qa4 17. Qd1 Qxd1+ 18. Rxd1 Nc5 19. Nb5 Be6 20. Bg5
Rfc8 21. Be7 a6 22. Bxc5 axb5 23. Bxb6 1/2-1/2

[Event "XXXI Memorial Edoardo Crespi A"]
[Site "Milano ITA"]
[Date "2010.12.11"]
[Round "9"]
[White "Tesic, Dragan"]
[Black "Martinez, Rolly"]
[WhiteElo "2403"]
[BlackElo "2425"]
[Result "1-0"]
[PlyCount "105"]
[EventDate "2010.12.04"]

1. d4 Nf6 2. c4 e6 3. Nf3 b6 4. g3 Bb7 5. Bg2 Be7 6. Nc3 Ne4 7. Bd2 O-O 8. O-O
f5 9. d5 Bf6 10. Qc2 Na6 11. Nxe4 fxe4 12. Qxe4 Re8 13. Qc2 exd5 14. Rfe1 dxc4
15. Ng5 Bxg2 16. Qxh7+ Kf8 17. Qh5 Bd5 18. Nh7+ Kg8 19. Nxf6+ Qxf6 20. Qxd5+
Qe6 21. Qb7 Nc5 22. Qxc7 Ne4 23. Be3 Rac8 24. Qxa7 Qh3 25. Qxb6 Re5 26. Qd4
Rce8 27. g4 Nf6 28. Qxc4+ d5 29. Qf4 d4 30. Qf3 Qxf3 31. exf3 dxe3 32. fxe3
Rxe3 33. Kf2 Rxe1 34. Rxe1 Rb8 35. Re2 Kf7 36. h4 Nd5 37. Kg3 Kf6 38. h5 Rb4
39. Rd2 Ke5 40. b3 Rb7 41. Re2+ Kf6 42. f4 Rb4 43. Re5 Nc3 44. g5+ Kf7 45. Kg4
Ne4 46. a3 Rd4 47. Ra5 Rd3 48. Ra7+ Kf8 49. h6 g6 50. f5 Nf2+ 51. Kf4 Nh3+ 52.
Ke5 Nxg5 53. fxg6 1-0

[Event "XXXI Memorial Edoardo Crespi A"]
[Site "Milano ITA"]
[Date "2010.12.11"]
[Round "9"]
[White "Valenti, Giuseppe"]
[Black "Radice, Luca"]
[WhiteElo "2122"]
[BlackElo "2001"]
[Result "1-0"]
[PlyCount "67"]
[EventDate "2010.12.04"]

1. e4 e6 2. d4 d5 3. Nd2 Nc6 4. Ngf3 Nf6 5. e5 Nd7 6. Bd3 Nb4 7. Be2 c5 8. c3
Nc6 9. O-O Be7 10. Bd3 cxd4 11. cxd4 Qb6 12. Nb3 a5 13. a4 f6 14. exf6 Nxf6 15.
Re1 O-O 16. Bg5 Bd6 17. Rc1 Bd7 18. Bb1 Rae8 19. Be3 Qd8 20. Nc5 Bc8 21. Bg5
Qb6 22. Qc2 Nb4 23. Qd2 Nc6 24. h3 Qb4 25. Qd3 g6 26. Bh6 Bxc5 27. dxc5 Ne4 28.
Bxf8 Rxf8 29. Qe3 Nf6 30. Qh6 Qxb2 31. Ng5 e5 32. Nxh7 Qxf2+ 33. Kh1 Rf7 34.
Qxg6+ 1-0

[Event "XXXI Memorial Edoardo Crespi A"]
[Site "Milano ITA"]
[Date "2010.12.11"]
[Round "9"]
[White "Virzi, Ettore"]
[Black "Pedroni, Marco"]
[WhiteElo "2000"]
[BlackElo "1989"]
[Result "1/2-1/2"]
[PlyCount "43"]
[EventDate "2010.12.04"]

1. e4 e6 2. d4 d5 3. Nc3 Nf6 4. e5 Nfd7 5. f4 c5 6. Nf3 Nc6 7. Be3 a6 8. Qd2
Qa5 9. dxc5 Bxc5 10. Nd4 Bb4 11. Nb3 Qc7 12. a3 Be7 13. Bd3 f6 14. Qe2 g6 15.
exf6 Nxf6 16. O-O Bd7 17. Rae1 O-O 18. Nd4 Bd6 19. Kh1 Rae8 20. Nxc6 Bxc6 21.
Bd4 Bd7 22. Be5 1/2-1/2

[Event "XXXI Memorial Edoardo Crespi B"]
[Site "Milano ITA"]
[Date "2010.12.04"]
[Round "1"]
[White "Acunzo, Domenico"]
[Black "Rossi, Giampiero"]
[Result "0-1"]
[WhiteElo "1790"]
[BlackElo "1906"]
[PlyCount "100"]
[EventDate "2010.12.04"]

1. e4 c5 2. Nf3 e6 3. d4 cxd4 4. Nxd4 a6 5. c4 Nf6 6. Nc3 d6 7. Be2 Be7 8. O-O
Bd7 9. Be3 O-O 10. f4 Nc6 11. Nc2 Qb8 12. g4 Rc8 13. g5 Ne8 14. f5 Ne5 15. b3
b5 16. Bd4 Qb7 17. Bxe5 dxe5 18. f6 Bc5+ 19. Kg2 Bc6 20. fxg7 Rd8 21. Qe1 Rd7
22. Qh4 Nxg7 23. Qh6 Bxe4+ 24. Nxe4 Qxe4+ 25. Bf3 Qxc2+ 26. Kh3 Rad8 27. Qf6
Qf5+ 28. Bg4 Rd3+ 29. Kh4 Qxf6 30. gxf6 Nf5+ 31. Bxf5 exf5 32. Rxf5 R8d4+ 33.
Kg5 Re4 34. cxb5 Be3+ 35. Kh5 axb5 36. Rf3 Rf4 37. Rg3+ Kh8 38. Re1 Rf5+ 39.
Kg4 Rg5+ 40. Kh3 Rxg3+ 41. hxg3 h6 42. Kg4 Kh7 43. Kf5 Bd4 44. g4 Rf3+ 45. Ke4
Rxf6 46. Kd5 Rg6 47. Re4 Re6 48. Re2 Kg6 49. Rc2 Kg5 50. Rg2 Kf4 0-1

[Event "XXXI Memorial Edoardo Crespi B"]
[Site "Milano ITA"]
[Date "2010.12.04"]
[Round "1"]
[White "Aliberti, Emilio"]
[Black "Libutti, Michele"]
[Result "1-0"]
[WhiteElo "1900"]
[BlackElo "1781"]
[PlyCount "111"]
[EventDate "2010.12.04"]

1. d4 Nf6 2. c4 g6 3. g3 Bg7 4. Bg2 d5 5. Nf3 c6 6. O-O O-O 7. Nc3 Nbd7 8. b3
Nb6 9. c5 Nbd7 10. Bf4 Nh5 11. Be3 Nxc5 12. Nxd5 Ne4 13. Nf4 Nc3 14. Qd3 Nxf4
15. Bxf4 Nd5 16. Rac1 Nxf4 17. gxf4 Bg4 18. Ne5 Bxe5 19. fxe5 Qd7 20. Qg3 Bxe2
21. Rfe1 Qg4 22. Qe3 Ba6 23. Kh1 Rad8 24. f4 Qf5 25. Be4 Qd7 26. Rcd1 e6 27. h4
Qe7 28. Qg3 Kg7 29. f5 exf5 30. Bxf5 b6 31. e6 Qd6 32. Qg4 fxe6 33. Rxe6 Qd5+
34. Be4 Qh5 35. Re7+ Rf7 36. Rxf7+ Kxf7 37. Qxh5 gxh5 38. Bxc6 Ke7 39. Kg2 Kd6
40. Bf3 Rg8+ 41. Kf2 Rf8 42. Ke3 Re8+ 43. Kd2 Rf8 44. Ke3 Re8+ 45. Kf2 Rf8 46.
d5 Bc8 47. Ke3 Bg4 48. Bxg4 hxg4 49. Ke4 h5 50. Rc1 g3 51. Rc6+ Kd7 52. Rg6 Rf2
53. Rxg3 Rh2 54. Ke5 Rxh4 55. Rg7+ Ke8 56. Rxa7 1-0

[Event "XXXI Memorial Edoardo Crespi B"]
[Site "Milano ITA"]
[Date "2010.12.04"]
[Round "1"]
[White "Baccarin, Stefano"]
[Black "Pasquotto, Mirko"]
[Result "1-0"]
[WhiteElo "1810"]
[BlackElo "1926"]
[PlyCount "75"]
[EventDate "2010.12.04"]

1. e4 c5 2. Nc3 Nc6 3. g3 d6 4. Bg2 g6 5. f4 Bg7 6. Nf3 Nf6 7. O-O O-O 8. d3
Bd7 9. h3 a6 10. Be3 b5 11. Qd2 b4 12. Ne2 Qc8 13. Kh2 a5 14. Rab1 a4 15. Nh4
Be6 16. b3 axb3 17. axb3 Ra2 18. f5 Bd7 19. g4 Qc7 20. Kh1 Rfa8 21. g5 Ne8 22.
Nf4 Qc8 23. Nd5 R8a6 24. Qf2 Qd8 25. fxg6 fxg6 26. Qf7+ Kh8 27. Rf2 Nc7 28.
Nxc7 Qxc7 29. Rbf1 Ra8 30. Bf4 Qc8 31. Nxg6+ hxg6 32. Qxg6 Be8 33. Qf5 Nd4 34.
Qg4 Qxg4 35. hxg4 Nxc2 36. e5 R8a6 37. Bd5 dxe5 38. Rh2+ 1-0

[Event "XXXI Memorial Edoardo Crespi B"]
[Site "Milano ITA"]
[Date "2010.12.04"]
[Round "1"]
[White "Biava, Pierluigi"]
[Black "Reis, Nurettin"]
[Result "0-1"]
[WhiteElo "1743"]
[BlackElo "1880"]
[PlyCount "56"]
[EventDate "2010.12.04"]

1. d4 Nf6 2. Nf3 d5 3. c4 e6 4. Nc3 Bb4 5. e3 O-O 6. Bd3 Bxc3+ 7. bxc3 Ne4 8.
Qc2 f5 9. Ba3 Rf6 10. Ne5 Rh6 11. cxd5 exd5 12. O-O-O Nd7 13. f3 Nxe5 14. dxe5
Nxc3 15. Qxc3 Rc6 16. Bc4 Be6 17. Kb1 Qe8 18. Qb4 Rxc4 19. Qe7 Qb5+ 20. Bb2 Re8
21. Qa3 Ra4 22. Qd3 Qb6 23. Qb3 Rb4 24. Qa3 c5 25. Ka1 f4 26. exf4 d4 27. Rd2
Qb5 28. Qd3 Rxb2 0-1

[Event "XXXI Memorial Edoardo Crespi B"]
[Site "Milano ITA"]
[Date "2010.12.04"]
[Round "1"]
[White "Bosi, Clint"]
[Black "Guidi, Paolo"]
[Result "1-0"]
[WhiteElo "2049"]
[BlackElo "1874"]
[PlyCount "59"]
[EventDate "2010.12.04"]

1. f4 Nf6 2. Nf3 d6 3. g3 Nbd7 4. d3 e5 5. e4 c6 6. Nc3 Be7 7. Qe2 b5 8. Bg2
O-O 9. O-O b4 10. Nd1 a5 11. Bd2 Ba6 12. a3 Re8 13. Nf2 c5 14. b3 Bf8 15. f5 d5
16. exd5 Nxd5 17. Ng5 N7f6 18. Nfe4 Rc8 19. Kh1 Qb6 20. g4 a4 21. Nxf7 Kxf7 22.
g5 Nxe4 23. Bxe4 Bb7 24. Qh5+ Kg8 25. f6 Nxf6 26. gxf6 Bxe4+ 27. dxe4 gxf6 28.
Rg1+ Bg7 29. Bh6 Re7 30. Bxg7 1-0